[Event "RUS-Cup07"]
[Site "Tomsk"]
[Date "1998.07.20"]
[Round "6"]
[White "Filippov, Valerij"]
[Black "Morozevich, Alexander"]
[Result "1/2-1/2"]
[WhiteElo "2595"]
[BlackElo "2590"]
[Annotator "Huebner,R"]
[PlyCount "137"]
[EventDate "1998.07.15"]
[EventType "swiss"]
[EventRounds "9"]
[EventCountry "RUS"]
[SourceTitle "CBM 067"]
[Source "ChessBase"]
[SourceDate "1998.11.30"]
[SourceVersion "2"]
[SourceVersionDate "1998.11.01"]
[SourceQuality "1"]

1. Nf3 Nf6 2. c4 c6 3. d4 d5 4. Nc3 dxc4 5. a4 Bf5 6. Nh4 e6 7. Nxf5 exf5 8. e3
Bb4 9. Bxc4 O-O 10. O-O Nbd7 11. h3 (11. Qf3 g6 12. h3 (12. Rd1 Nb6 13. Bb3 a5
14. Bd2 Re8 15. h3 h5 $13 {Reeh,O-Janovsky,S/Budapest/1991}) 12... Kg7 13. Rd1
(13. g4 fxg4 14. hxg4 h5 15. gxh5 Nxh5 $13) 13... h5 14. Bd2 a5 15. Rac1 Qe7
16. Bb3 Rfd8 $11 {Azmaiparashvili,Z-Ribli,Z/Groningen PCA 1993/1/2-1/2 (58)})
11... h5 {Es geht in dieser Stellung für Schwarz vor allem darum, den Vorstoß
g2-g4 zu verhindern oder zu entkräften. Wenn Weiß ihn erfolgreich durchsetzen
kann, mehrt er seinen Einfluß auf die weißen Zentrumsfelder beträchtlich und
bekommt insbesondere das Feld e4 in die Hand.} 12. Ne2 Nb6 13. Bd3 g6 14. a5
Nbd5 $11 15. Bd2 Bxd2 {Der Abtausch der schwarzfeldrigen Läufer bedeutet für
Weiß einen Erfolg. In Betracht kam} (15... Bd6) 16. Qxd2 a6 $6 {Es ist nicht
sicher, daß diese Gestaltung der Bauernstruktur am Damenflügel verständig ist:
die schwarzen Felder, insbesondere das Feld c5, werden schwach.} ({Der Zug} 
16... Qd6 {gefällt mir besser.}) 17. Nc3 Qd6 18. Na4 Rfe8 $6 (18... Nd7 {
bietet sich an, um zu verhindern, daß sich der Springer des Weißen auf c5
festsetzt.}) 19. Nc5 Re7 20. Ra3 Kg7 21. Rb3 Rb8 22. Re1 {Weiß hat nun einigen
Druck erhalten.} h4 23. Bc2 ({Die Fortsetzung} 23. f3 Nxe3 {ist nicht
erstrebenswert für Weiß. Jetzt steht der Anziehende zu f2-f3 nebst e3-e4
bereit.}) 23... Ne4 24. Bxe4 fxe4 25. f3 Nf6 (25... exf3 {ist nicht besser:}
26. e4 {, und nun:} {Die Fortsetzung} Nf4 (26... Qf4 27. Qf2 (27. Qxf4 Nxf4 28.
Rxf3 Ne6 $11) 27... fxg2 28. Rf3 Qg5 29. exd5 $18) 27. Rxf3 (27. e5 Ne2+ 28.
Qxe2 Qxc5) 27... Ne6 28. Nxe6+ Qxe6 29. Rf4 {überläßt Weiß einigen Vorteil.}) (
{Die Folge} 25... f5 26. fxe4 fxe4 27. Qf2 {kostet den Schwarzen einen Bauern.}
) 26. Qf2 exf3 27. e4 Nd7 28. e5 Qd5 29. Nxd7 Rxd7 30. Rxf3 Re8 (30... Qxd4 31.
Rxf7+ Kg8 32. Rxd7 Qxd7 33. Qxh4 {ist natürlich ungünstig für Schwarz.}) 31.
Rf4 {Weiß hat erklecklichen Vorteil; die Bauern des Schwarzen auf f7 und h4
sind schwach, und sein König steht nicht ganz sicher.} Rh8 ({Die Fortsetzung} 
31... Qxa5 32. Rxh4 Re6 33. Qe3 {hat unerfreuliche Folgen für Schwarz.}) 32.
Ree4 Qe6 33. Rf6 Qe7 34. Ref4 Rh5 35. Qc2 ({Der Zug} 35. b4 $5 {kommt in
Betracht. Er verhindert ein für allemal die Sprengung des Zentrums von Weiß
durch c6-c5 und deckt den Bauern auf a5. Das Nehmen auf b4 darf sich Schwarz
nicht erlauben:} Qxb4 36. Rxf7+ Rxf7 37. Rxf7+ Kg8 38. Kh2 {usw.}) (35. Rxh4
Rxh4 36. Qxh4 c5 {ist dagegen keine wirkungsvolle Fortsetzung für Weiß.}) 35...
Rc7 36. Qc3 Rd7 ({Die Folge} 36... Kg8 37. e6 {ist ebenfalls sehr unbequem für
Schwarz.}) 37. e6 {Es fragt sich, ob der Versuch, die Stellung auf ruhige
Weise mit} (37. b4 {zu verstärken, wirksamer war.}) 37... fxe6 38. d5 e5 39.
Re6 Qg5 $2 ({Die Fortsetzung} 39... Qd8 40. Rxe5 Rxe5 41. Qxe5+ Kh7 {bot gute
Rettungsaussichten;} 42. d6 Rxd6 43. Rf7+ Kh6 {braucht Schwarz nicht zu
fürchten.}) 40. Rg4 Qf5 41. Rgxg6+ Kh7 (41... Qxg6 42. Rxg6+ Kxg6 43. dxc6 {
ist hoffnungslos für Schwarz.}) 42. Rgf6 Qe4 43. d6 $2 ({Vorzügliche
Gewinnaussichten bot die Fortsetzung} 43. dxc6 bxc6 (43... Rg7 44. g4 $18) (
43... Rg5 44. Rh6+ Kg7 (44... Kg8 45. Reg6+ Rg7 46. Qb3+ $18) 45. Rhg6+ Rxg6
46. Rxg6+ Kxg6 47. cxd7 Qd5 48. Qc8 Qd4+ 49. Kh1 Qd1+ 50. Kh2 Qb3 51. Qe8+ $18)
44. Rxc6 Rg5 45. Qc2 $16) 43... Rg5 44. Qd2 Qd4+ 45. Qf2 (45. Qxd4 exd4 {
verspricht dem Weißen wohl auch nicht den Sieg:} 46. Rh6+ (46. Rf4 c5 47. Re7+
(47. Rxh4+ Kg7 {führt zum Abspiel B.}) 47... Rxe7 48. dxe7 Re5 49. Rxh4+ Kg6
50. b4 Rxe7 51. bxc5 Rd7 52. Kf2 Rd5 $11) 46... Kg7 47. Rxh4 c5 (47... Kf7 48.
Reh6 c5 49. b4 d3 50. bxc5 d2 (50... Rd5 51. Rh7+ Kg6 52. R4h6+ Kf5 53. Rh5+
Ke4 54. Re7+ $18) 51. Rd4 Kg7 52. Re6 Kf7 53. Re3 Rxc5 54. Rxd2 Rxa5 55. g4 $16
) 48. b4 (48. Rhe4 d3 49. Re1 (49. Re7+ Kh6) 49... d2 50. Rd1 Rd5 $13) 48... d3
49. bxc5 Rd5 50. Re7+ Rxe7 51. dxe7 Kf7 52. Re4 Ke8 53. Re1 Rxc5 $11) 45...
Qxf2+ 46. Kxf2 Kg7 47. Rh6 Rf5+ 48. Ke3 Rg5 49. Rxh4 Rxg2 50. Rg4+ Kf7 51. Re7+
Rxe7 52. Rxg2 Re6 53. d7 Ke7 54. Rg7+ Kd8 55. Rh7 e4 56. h4 Re5 57. b4 c5 58.
bxc5 Rxc5 59. h5 Rxa5 60. Kxe4 Rb5 61. Kd4 a5 62. Kc4 Rg5 63. h6 Rh5 64. Kb3
Rh4 65. Kb2 Rh3 66. Rh8+ Kxd7 67. Ra8 Kc7 68. Rxa5 Rxh6 69. Rg5 1/2-1/2

[Event "Munich SKA"]
[Site "Munich"]
[Date "1994.05.24"]
[Round "4"]
[White "Huebner, Robert"]
[Black "Beliavsky, Alexander G"]
[Result "1-0"]
[WhiteElo "2610"]
[BlackElo "2650"]
[Annotator "Huebner,R"]
[PlyCount "113"]
[EventDate "1994.05.21"]
[EventType "tourn"]
[EventRounds "11"]
[EventCountry "GER"]
[EventCategory "16"]
[SourceTitle "CBM 042"]
[Source "ChessBase"]
[SourceDate "1994.10.01"]
[SourceVersion "1"]
[SourceVersionDate "1994.10.01"]
[SourceQuality "1"]

{CBM 43} 1. d4 d5 2. c4 c6 3. Nc3 Nf6 4. Nf3 dxc4 5. a4 Bf5 6. e3 e6 7. Bxc4
Bb4 8. O-O Nbd7 9. Qe2 Bg6 10. e4 Bxc3 11. bxc3 Nxe4 12. Ba3 Qc7 13. Rfe1 (13.
Rfc1 {Ivanchuk,V-Lautier,J/Linares/1994/}) (13. Nd2 {Kasparov,G-Bareev,E/
Tilburg/1991/} Nxd2 14. Qxd2 $10) 13... Nxc3 (13... O-O-O 14. Qb2 Rhe8 15. a5
e5 16. Rab1 c5 17. Bf1 $40 {Beliavsky,A-Akopian/Novosibirsk/1993/}) (13... c5
14. d5 e5 {Huebner,R-Hertneck,G/Munich SKA (08)/1994/} (14... O-O-O 15. dxe6
fxe6 16. Nh4 (16. Bxe6 Rhe8 17. Qc4 Kb8 $15 18. Rxe4 $140 Bxe4 19. Qxe4 Nf8 $1)
16... Nxc3 17. Qxe6 Nxa4 (17... Rhe8 18. Qg4) 18. Nxg6 hxg6 19. h3 $13)) 14.
Qb2 (14. Qe3 Ne4 15. Ne5 {Lutz,C-Bareev,E/Munich SKA (08)/1994/}) 14... Ne4 $8
(14... Nxa4 15. Qb4 (15. Qb3 b5 (15... Nab6 16. Bxe6 O-O-O (16... fxe6 $2 17.
Qxe6+ Kd8 18. Bd6 $18) 17. Bxf7 (17. Bh3 Kb8) 17... Kb8 (17... Nc5 18. dxc5
Bxf7 19. cxb6 $18) 18. Ng5 Bxf7 19. Qxf7 $16) 16. Bxe6 fxe6 (16... O-O-O 17.
Bh3 (17. Bxf7 Ndc5) 17... f5 (17... Kb8 18. Be7) 18. Ng5 $16) 17. Qxe6+ Kd8 18.
Rac1 (18. Ne5 Nxe5 19. dxe5 Nb6 $13) 18... c5 19. dxc5 Re8 20. Qd5 $40) 15...
Ndb6 16. Bb3 (16. Bxe6 fxe6 17. Rxe6+ Kd8 18. Rae1 (18. Re7 Nd5 $17) 18... Re8
19. Rxe8+ Bxe8 20. Qf8 (20. Rxe8+ Kxe8 21. Qf8+ Kd7 22. Ne5+ Ke6 $19) 20... Qf7
21. Be7+ Kc7 22. Bd6+ Kd8 23. Bc7+ Kxc7 24. Re7+ Qxe7 25. Qxe7+ Bd7 26. Qe5+
$10) (16. Qa5 Nd5 17. Qxa4 b5 18. Bxb5 cxb5 19. Qxb5+ Qd7 20. Qa6 (20. Qa5 f6
$13) 20... Nc7 (20... Qc8 21. Qa5 f6 $2 22. Qxd5 $18) 21. Qc4 (21. Qa5 f6 22.
d5 Nxd5 23. Nd4 Kf7 $13) 21... f6 22. d5 Nxd5 23. Nd4 Kf7 24. Nxe6 Rhc8 25. Nc7
(25. Nc5 Kg8) 25... Rxc7 26. Re7+ Qxe7 27. Qxd5+ Qe6 28. Qxa8 Be4 $15) 16... a5
17. Qd2 c5 18. dxc5 Nxc5 19. Qc3 $16) (14... Nd5 15. Bxd5 cxd5 16. Qb4 Nb6 (
16... Nb8 17. Ne5 Nc6 18. Rac1 Nxb4 19. Rxc7 Nc6 20. Nxc6 bxc6 21. Rc1 Rb8 (
21... a5 22. R1xc6 Rb8 23. Rc8+ Kd7 24. R6c7#) 22. Rxa7 $16) 17. Rac1 Nc4 18.
Ne5 a6 (18... Rc8 19. Nxc4 dxc4 20. Rxc4 $18) 19. Nxc4 dxc4 20. Rxc4 Qd7 21. d5
$18) 15. a5 Ndf6 $2 (15... O-O-O 16. Rab1 (16. a6 b6 17. Rac1 Nd6 18. Bf1 Kb8
19. Qb4 $40) 16... Ndf6 (16... a6 17. Rxe4 Bxe4 18. Bd6 $1) 17. a6 b6 18. Ne5
Nd6 19. Rbc1 Be4 20. Rxe4 Nfxe4 21. Bxe6+ fxe6 22. Rxc6) (15... c5 16. dxc5 O-O
17. c6 bxc6 (17... Qxc6 18. Bb5) (17... Ndc5 18. cxb7 Rab8 19. a6 $18) 18. Bxf8
Rxf8 19. Nh4 $16) (15... Nd6 16. Bxe6 O-O (16... O-O-O $2 17. a6 {/\ Bd6}) 17.
Bxd7 (17. Ba2 Rfe8 18. Bxd6 Qxd6 19. Rxe8+ Rxe8 20. Qxb7 $16) 17... Qxd7 (17...
Nc4 18. Qb4 Nxa3 19. Rxa3 Qxd7 20. Re7 Qd5 21. Rxb7 a6 (21... Be4 22. a6 $16)
22. h3 Be4 23. Rb6 h6 24. Rc3 Bxf3 25. Rxf3 $16) 18. Ne5 Qc7 19. a6 $16) (15...
a6 $1 16. Ne5 (16. d5 exd5 17. Bxd5 cxd5 18. Qxg7 O-O-O 19. Rac1 Nec5 20. Bxc5
Nxc5 21. Qd4 Kb8 22. Rxc5 Qd6 $10) (16. Re3 Nd6 17. Bxe6 O-O 18. Ba2 Nf6 (18...
Nf5 19. Bxf8 Nxe3 20. Bxg7 Nc2 21. d5 Nxa1 22. Bh6 Ne5 23. Nxe5 $18) 19. Rae1
Rfd8 {xa5}) 16... Nxe5 (16... Nef6 17. Re3) (16... Nd6 17. Bxe6 Nf6 (17... fxe6
18. Nxg6 Nc4 (18... hxg6 19. Rxe6+ Kf7 20. Bxd6 $18) 19. Rxe6+ Kd8 (19... Kf7
20. Nxh8+ Kxe6 21. Qe2+ $18) 20. Nxh8 Nxb2 21. Nf7+ Kc8 22. Re8+ Qd8 23. Rxd8+
Kc7 24. Bd6#) (17... Nxe5 18. dxe5 Nb5 (18... fxe6 19. Bxd6 Qd7 20. Ra3 $16)
19. Bd6 $16) 18. Nxg6 hxg6 19. Bh3+ Kf8 20. Qb6 Qb8 21. Qc5 $18) (16... Ndf6) (
16... O-O-O 17. Nxg6 hxg6 18. Rxe4 Qxh2+ 19. Kf1 Qh1+ 20. Ke2 Qxg2 21. Rf4 $16
{/\ Rb1}) 17. dxe5 O-O-O $13 18. f3 Rd2 (18... Nd2 19. Be2 {/\ Bd6}) 19. Qb4
Qxe5 20. fxe4 (20. Qxd2 Qxa1 21. Qe3 Qc3) 20... Rxg2+ 21. Kxg2 Bxe4+ $40) 16.
Ne5 a6 (16... O-O-O 17. a6 b6 18. Rac1 $40) (16... Nd6 17. Bxe6 O-O 18. Ba2 a6
(18... Rfd8 19. a6 bxa6 20. Rac1 Rab8 21. Qa1 Rb6 22. d5 $16) 19. Rac1 Rfe8 (
19... Rfd8 20. d5 $16) (19... Qd8 20. Qb4 Nb5 (20... Nfe8 21. Nc4) 21. Qxf8+
$16) 20. Bxd6 Qxd6 21. Qxb7 {xf7}) (16... Rd8 17. a6 b6 18. Rac1 $16) 17. Rac1
Rd8 (17... Nd6 18. Bxe6 O-O 19. Ba2 $16) (17... c5 18. dxc5 O-O 19. f3 Nxc5 20.
Bf1 $18) 18. Bxa6 (18. f3 Nd6 19. Bxa6 Qxa5 (19... O-O 20. Bxd6 Rxd6 21. Bxb7
Qxa5 22. Nc4 $18) 20. Bxd6 (20. Bxb7 Nxb7 21. Nxc6 (21. Qxb7 Qxa3 $17) 21...
Qa6 22. Nxd8 Nxd8 23. d5 Nxd5 24. Qxg7 Qxa3 $13) 20... Qxa6 21. Ba3 Nd5 $13)
18... bxa6 (18... Nd6 19. Bxd6 Rxd6 20. Bxb7 O-O 21. a6 $18) 19. Nxc6 Ng4 (
19... Rd5 20. Nb4 Qxa5 (20... Qb7 21. Nxd5 Qxb2 22. Nxf6+ Nxf6 23. Bxb2 $18) (
20... Qd8 21. Nxd5 Nxd5 22. Qb7 $18) 21. Nxd5 {/\ Rc8}) (19... Rd6 20. Ne5 Qd8
21. f3 O-O 22. Nxg6 hxg6 23. fxe4 Rxd4 24. Bxf8 Kxf8 25. e5 Ne8 26. Qb6 $18) (
19... Ra8 20. Ne5 Qb8 (20... Qd8 21. Qc2 Qd5 (21... Nd7 22. Nxg6 hxg6 23. Qxe4
(23. Rxe4 Qxa5 24. Qc6 Qxa3 (24... Rb8 25. Rxe6+ fxe6 26. Qxe6+ Kd8 27. Qe7#)
25. Qxa8+ Ke7 26. Qc6 Rh5 $14) 23... Rc8 24. Qb7 $18) (21... Nd6 22. Qc6+ Ke7 (
22... Kf8 23. Bxd6+ Kg8 24. Qb7 Ne8 25. Ba3 Qb8 26. Qe7 $18) 23. Qb7+ Kf8 (
23... Nd7 24. Rc7 $18) 24. Bxd6+ Kg8 25. Nc6 $18) 22. Qc7 Nd7 23. Qc8+ Rxc8 24.
Rxc8#) 21. Qc2 Nd6 (21... Qb7 22. Rb1 Qc8 (22... Qd5 23. Qc7 Nd7 24. Rb7 Rd8
25. Nc6 $18) 23. Qa4+ Kd8 24. Rec1 Nc3 25. Qb4 $18) (21... Qb5 22. Qc8+ Rxc8
23. Rxc8#) 22. Qc6+ Ke7 23. Qc7+ (23. Nxg6+ hxg6 24. Rb1 Qd8 25. Rb7+ Kf8 26.
Bxd6+ Kg8 $13) (23. Bxd6+ Qxd6 24. Qb7+ Nd7 25. Rc7 Rad8 26. Nc6+ Kf6 $13)
23... Qxc7 24. Rxc7+ Kf8 25. Bxd6+ Kg8 26. Rec1 h6 27. Nxg6 fxg6 28. Be5 $18)
20. Ne5 (20. Nxd8 $2 Qxh2+ 21. Kf1 Ng3+ $1 22. fxg3 Bd3+ 23. Re2 Qh1#) (20. g3
Ng5 21. Nxd8 $1 (21. Kg2 Ra8 22. f3 (22. Ne5 Qd8 $1) 22... Nxh2 23. Ne5 Qb8 24.
Qc3 Qb7 25. Kxh2 f6 $132) (21. Qb3 Ra8 22. h4 (22. Ne5 Qb8 23. Qa4+ Qb5) 22...
Nh3+ 23. Kg2 Bf5 $13) (21. Qe2 Be4 (21... Nh3+ 22. Kg2 Ngxf2 23. Nxd8 Qxd8 24.
Qf3 Ne4 25. Qb3 $13) 22. Qxg4 (22. Nxd8 Nh3+ 23. Kf1 Nxh2#) 22... Nf3+ 23. Kh1
Bxc6 24. Qxg7 Nxe1+ 25. f3 Kd7 $19) 21... Nf3+ 22. Kf1 $1 (22. Kh1 Qxd8 23. Qb7
Nxe1 24. Qc6+ (24. Rc8 Be4+) 24... Qd7 25. Qa8+ Qd8 26. Qc6+ $10 (26. Rc8 Be4+
$1)) (22. Kg2 Nxe1+ 23. Kf1 Nc2) 22... Bd3+ (22... Nfxh2+ 23. Kg1 Nf3+ 24. Kg2
$18) (22... Ngxh2+ 23. Kg2 Nxe1+ 24. Rxe1 (24. Kxh2 Nc2) 24... Ng4 25. Rc1 Ne3+
(25... Be4+ 26. Kg1 Qxd8 27. Qb4 {/\ Rc8}) 26. fxe3 Be4+ 27. Kh2 Qxd8 28. Qb4
$18) 23. Re2 Qxd8 24. Qb7) 20... Qxa5 (20... Qb8 21. Qxb8 Rxb8 22. Nxg4 $18)
21. Nxg4 Qb5 (21... Nd6 22. Ne5 $1 (22. Re5 Qa4 23. Bxd6 Rxd6 24. Rc8+ Ke7 25.
Rc7+ Rd7) (22. d5 O-O 23. dxe6 fxe6 $10 24. Red1 $2 Nc4 25. Rxd8 Rxd8) 22...
Qb5 (22... Qd5 23. Nc6 Nc4 24. Qb4 $18) (22... Nb5 23. Bc5) 23. Qa1 O-O (23...
Qb7 24. Rc6 Nb5 25. Bc5 $18) 24. Rc6 Qb8 (24... Nf5 25. Bxf8 Kxf8 26. Rxa6 Nxd4
27. Ra8 Qd5 28. Rxd8+ Qxd8 29. Rd1 Ne2+ 30. Kf1 $18) 25. Nxg6 hxg6 26. Rb1 Nb5
27. Bxf8 $18) 22. Qc2 $2 (22. Qxb5+ axb5 23. Rc7 Rxd4 (23... Nd6 24. Ne5 O-O (
24... Nc4 25. Nxc4 bxc4 26. Re7+ Kf8 27. R7xe6+ Kg8 28. Re8+) 25. Nc6 h6 $16) (
23... Nf6 24. Nxf6+ gxf6 25. Rec1 $18) (23... Ra8 24. Bb4 Ra4 (24... Nf6 25.
Nxf6+ gxf6 26. Rec1 Rd8 27. Be7 $18) 25. Rc8+ Kd7 26. Rxh8 Rxb4 27. Ne5+ Kc7
28. Rc1+ Kb7 29. f3 Nf6 (29... Nd6 30. Rd8) 30. Rf8 $16) 24. Rc8+ Rd8 25. Rec1
h5 26. Ne5 (26. R1c7 Rxc8 27. Rxc8+ Kd7 28. Rxh8 hxg4 $10) 26... Nf6 27. R1c7
Nd5 28. Rxd8+ Kxd8 29. Ra7 Rh7 30. Bd6 Kc8 $13) (22. Qa1 f6 (22... Qd7 23. Ne5
Qxd4 24. Qxd4 Rxd4 25. Rc8+ Rd8 26. Rxd8+ Kxd8 27. Nxg6 $18) (22... Qd5 23. Ne5
Nd6 24. Nc6 $16) (22... Nd6 23. Ne5) 23. Rc7 Rd7 24. Rc8+ Rd8 25. Rxd8+ Kxd8
26. Rb1 $18) 22... Nd6 23. Qc7 Rd7 24. Qc3 O-O $6 (24... Qb7 25. d5 (25. Ne5
Nb5 (25... Rd8 26. Qa5 O-O 27. Rc6) 26. Qb4 Nxa3 $1 (26... Rxd4 27. Rc8+ Rd8
28. Rc6 Rd4 (28... a5 29. Qa4 Rd4 30. Rc8+ $18) 29. Qc5 Nxa3 30. Rc8+ Rd8 31.
Rxd8+ Kxd8 32. Rd1+ Ke8 33. Qd6 Qc8 34. Nc6 $18) (26... Rc7 27. Rxc7 Qxc7 28.
Rc1 Qb7 29. Rc8+ Qxc8 30. Qe7#) 27. Qxb7 Rxb7 28. Rc8+ Ke7 29. Rxh8 Nc2 $10)
25... O-O 26. Bb2 f6 27. dxe6 Re7 $10) 25. Ne5 Rdd8 $2 {DIAGRAMM} (25... Rfd8
26. Nxd7 Qxd7 $16) 26. Qc6 $2 {?? Huebner CBM 43} (26. Qc7 $1 Nf5 (26... Qd5
27. Nc6 Nf5 28. Bxf8 Rxf8 29. Re5 Qa2 30. d5 exd5 31. Rxf5 Bxf5 32. Ne7+ Kh8
33. Nxf5 $18) 27. Bxf8 Rxf8 28. Red1 $18) 26... Qxc6 27. Rxc6 Nb5 28. Bxf8 Kxf8
29. Rxa6 Nxd4 30. f3 f6 $2 (30... Bf5 31. Ra7 (31. g4 Bc2) (31. f4 h5 $10)
31... f6) 31. Nxg6+ hxg6 32. f4 (32. Rea1 e5 $10) 32... Rd5 {/\ g5} (32... Rd7
33. Kf2 Ke7 34. Rd1) 33. Re4 $2 (33. Ra8+ Kf7 34. Ra7+ Kf8 35. Re4) 33... g5 $2
(33... f5 34. Re1 Kf7 {/\ Kf6}) 34. Ra4 $2 (34. fxg5 f5 (34... fxg5 35. Ra4 e5
36. Ra7) 35. Re1 Kf7 36. Ra7+ Kg6 37. Re7 $18) 34... e5 $2 (34... Nb3 35. Rxe6
(35. fxg5 Nc5 36. Ra8+ Kf7 37. Rg4 fxg5 $14) 35... Nc5 36. Ra8+ Kf7 37. Rc6
gxf4 $10) 35. fxe5 fxe5 36. Ra7 Kg8 $2 (36... Nc6 37. Rc7 Ne7 38. Rg4 $18) (
36... Ne6 37. Rb4 Kg8 38. Re7) (36... Rb5 37. h3 Ne6 (37... Rc5 38. Rg4 Ne6 39.
Rb4) 38. Rc4 Kg8 39. Re7 Rb6 40. Rc8+ Kh7 41. Rce8 Nf4 42. Rxe5 $18) 37. Re7
Nc6 38. Re6 Rc5 39. Rg6 Kf7 40. Rxg5 g6 41. h4 Kf6 42. Kh2 Ne7 43. Ra4 Rc6 44.
Rg3 Nf5 45. Rf3 Kg7 (45... Ke6 46. Rg4 Kd5 47. Rd3+ (47. h5 Nd4 48. Rh3 (48.
hxg6 $2 Nxf3+ 49. gxf3 Rc8 50. g7 Rg8 51. Rg6 e4 52. Kg3 (52. Kg2 Ke5) 52... e3
(52... Ke5 53. fxe4 Kxe4 54. Kg4 $18) 53. Kg2 (53. f4 Ke4) 53... Ke5 54. Kf1
Kf5 55. Rg4 Kf6 56. Ke2 Rxg7 57. Rxg7 Kxg7 58. Kxe3 Kf7 $10)) 47... Nd4 48.
Rdg3 Nf5 49. Rxg6 Nxg3 (49... Rxg6 50. Rxg6 Nxh4 51. Rg5 (51. Rf6 e4 52. Kg3
Ke5) 51... Ke6 52. Kg3 Nf5+ 53. Kf3 $18) 50. Rxc6 Nf1+ (50... Nf5 51. Rf6 Nxh4
52. g3 $18) 51. Kg1 Kxc6 52. Kxf1 $18) 46. Re4 Re6 (46... Rc5 47. h5 $18) 47.
h5 Ne7 48. hxg6 Nxg6 49. Kh3 (49. Rf5) 49... Ne7 50. Kg3 Ng6 51. Rf5 Re7 (51...
Ra6 52. Rg4 (52. Kg4 Ra2 53. g3) 52... Re6 53. Kf3) 52. Kg4 Ra7 53. Kg5 Nh8 (
53... Ra2 54. Rg4) 54. Rg4 Nf7+ 55. Kh5+ Kf8 56. Kg6 Ke8 (56... Ra6+ 57. Rf6)
57. Rh4 1-0

[Event "RUS-ch51"]
[Site "St Petersburg"]
[Date "1998.07.28"]
[Round "1"]
[White "Tregubov, Pavel V"]
[Black "Morozevich, Alexander"]
[Result "1/2-1/2"]
[WhiteElo "2535"]
[BlackElo "2625"]
[Annotator "Huebner,R"]
[PlyCount "141"]
[EventDate "1998.07.28"]
[EventType "swiss"]
[EventRounds "11"]
[EventCountry "RUS"]
[SourceTitle "CBM 067"]
[Source "ChessBase"]
[SourceDate "1998.11.30"]
[SourceVersion "2"]
[SourceVersionDate "1998.11.01"]
[SourceQuality "1"]

1. d4 d5 2. c4 c6 3. Nf3 Nf6 4. Nc3 dxc4 5. a4 Bf5 6. Nh4 e6 7. Nxf5 exf5 8. e3
Bb4 9. Bxc4 O-O 10. O-O Nbd7 11. Bd2 Rc8 (11... g6 12. Ne4 Qa5 13. Bxb4 Qxb4
14. Qb3 Qxb3 15. Nxf6+ Nxf6 16. Bxb3 a5 17. Bc4 {1/2-1/2 Cvitan,O-Huebner,R/
SWZ-chT 1995}) 12. Ne2 Bd6 13. b4 Nb6 14. Bd3 g6 15. Ng3 Bxg3 16. hxg3 Nbd5 17.
Qf3 Re8 18. Rfc1 Ne4 19. Be1 Qd6 20. Rc4 h5 21. b5 Nb6 22. Rc2 c5 23. a5 Nd7
24. Rd1 Rcd8 25. Bxe4 fxe4 26. Qe2 Ne5 27. Rxc5 Nd3 28. Rc2 Rc8 29. Rxc8 Rxc8
30. f3 f5 31. fxe4 fxe4 32. g4 Qd5 33. gxh5 Qxh5 34. Qxh5 gxh5 35. Bg3 Kf7 36.
Rf1+ Ke6 37. d5+ Kxd5 38. Rf5+ Kc4 39. Rxh5 Rc5 40. Rxc5+ Nxc5 41. b6 axb6 42.
axb6 Nd7 43. Bc7 Kd3 44. g4 Kxe3 45. g5 Nf8 46. Kg2 Kd3 47. Bd6 Ng6 48. Kg3 e3
49. Kf3 Kd4 50. Bc7 Kd3 51. Bh2 Kd4 52. Bg1 Ke5 53. Bxe3 Kf5 54. Kg3 Ke4 55.
Bd2 Kf5 56. Bc1 Ne7 57. Kh4 Nd5 58. Kh5 Ne7 59. Kh6 Ng6 60. Kg7 Ne5 61. Bb2 Ng6
62. Bf6 Nf4 63. Kf7 Ng6 64. Ke8 Nf4 65. Ke7 Nd5+ 66. Kf7 Nf4 67. Be7 Ng6 68.
Bd6 Kxg5 69. Ke6 Kg4 70. Kd7 Kf5 71. Kc8 1/2-1/2

[Event "EU-chT (Men) 11th"]
[Site "Pula"]
[Date "1997.05.??"]
[Round "2.4"]
[White "Huzman, Alexander"]
[Black "Haba, Petr"]
[Result "1/2-1/2"]
[WhiteElo "2585"]
[BlackElo "2520"]
[Annotator "Huebner,R"]
[PlyCount "90"]
[EventDate "1997.05.05"]
[EventType "team-swiss"]
[EventRounds "9"]
[EventCountry "CRO"]
[SourceTitle "CBM 057 Extra"]
[Source "ChessBase"]
[SourceDate "1997.05.01"]
[SourceVersion "1"]
[SourceVersionDate "1997.05.01"]
[SourceQuality "1"]
[WhiteTeam "Israel"]
[BlackTeam "Czech Republic"]
[WhiteTeamCountry "ISR"]
[BlackTeamCountry "CZE"]

1. d4 d5 2. c4 c6 3. Nf3 Nf6 4. Nc3 dxc4 5. a4 Bf5 6. e3 e6 7. Bxc4 Bb4 8. O-O
Nbd7 9. Nh4 O-O 10. f3 Bg6 11. Nxg6 hxg6 12. Qc2 Rc8 13. Rd1 Qe7 14. a5 a6 (
14... Rfd8 15. a6 (15. Bd2 c5 16. dxc5 Qxc5 17. b3 Ne5 18. Ne4 Nxe4 19. Bxb4
Qxe3+ $19 {Thorsteins,K-Tomaszewski,R/Polanica Zdroj 1987/1/2-1/2 (52)}) 15...
b6 16. Qb3 c5 17. Nb5 Nb8 18. Be2 Nc6 19. dxc5 Qxc5 $17 {0-1 Calinescu,
G-Horvath,C/EUchJ Arnhem 1987 (61)}) (14... c5 15. Qb3 Rfd8 16. a6 bxa6 17.
Bxa6 Rb8 18. Qc2 Nb6 19. Ne2 Rd7 $15 {1/2-1/2 Tukmakov,V-Chandler,M/Leningrad
1987 (40). Aus den Beispielen erhellt, daß Schwarz in dieser Stellung
keinerlei Probleme hat. Mit dem Textzug will Schwarz offenbar den weißen
a-Bauern auf a5 fixieren, um ihn dort angreifen zu können. Die Idee scheint
mir nicht besonders plausibel, doch dürfte auch deren Ausführung zum Ausgleich
genügen}) 15. Qb3 $6 (15. e4 $5 c5 (15... e5 16. Be3 $14) 16. d5 $14) 15... c5
16. d5 exd5 17. Nxd5 Nxd5 18. Bxd5 Nf6 19. Bc4 Rcd8 20. e4 Rxd1+ 21. Qxd1 Rd8
22. Qb3 (22. Qc2 $5 {sieht plausibler aus:} Qd6 (22... Qc7 {bewirkt nichts;
nach} 23. Be3 Bxa5 24. Bxf7+ Kxf7 25. Qc4+ Ke8 26. Qa4+ {hat Weiß erheblichen
Vorteil.}) 23. Be3 Bd2 24. Bf2 Bf4 25. Kh1 {(Andernfalls gelangt der Läufer
des Schwarzen nach d4)} Bxh2 26. Bxc5 Qe5 27. Bb6 {mit bequemerem Spiel für
Weiß.}) 22... Bd2 23. Bxd2 Rxd2 24. Rd1 Rxd1+ 25. Qxd1 g5 {So erhält Schwarz
gutes Gegenspiel auf den schwarzen Feldern am Königsflügel, die der Deckung
entbehren.} 26. h3 {Sonst kommt Schwarz zu g5-g4, ebenfalls mit befriedigendem
Gegenspiel.} g6 27. Kf1 Nh5 28. Qb3 Nf4 29. g3 Nh5 30. Bd5 Nxg3+ 31. Kf2 Nh5
32. Qxb7 Qf6 33. Qc8+ Kh7 {Warum nicht} (33... Kg7 {?}) 34. Qb7 Kh6 35. Qb3 Nf4
36. Qc3 Qd8 37. Bxf7 Nxh3+ 38. Kg3 Nf4 39. Bc4 Kh7 40. Qe5 Nh5+ 41. Kg4 Qd2 42.
Qe7+ Ng7 43. Kh3 Qc1 44. Qf7 Qh1+ 45. Kg3 Qg1+ 1/2-1/2

[Event "Cancan Veterans-Women"]
[Site "Roquebrune"]
[Date "1998.09.14"]
[Round "7"]
[White "Kortschnoj, Viktor Lvovich"]
[Black "Zhu, Chen"]
[Result "1/2-1/2"]
[WhiteElo "2625"]
[BlackElo "2480"]
[Annotator "Huebner,R"]
[PlyCount "48"]
[EventDate "1998.09.07"]
[EventType "schev"]
[EventRounds "12"]
[EventCountry "FRA"]
[SourceTitle "CBM 067"]
[Source "ChessBase"]
[SourceDate "1998.11.30"]
[SourceVersion "2"]
[SourceVersionDate "1998.11.01"]
[SourceQuality "1"]

1. d4 d5 2. c4 c6 3. Nf3 Nf6 4. Nc3 dxc4 5. a4 Bf5 6. Nh4 e6 7. Nxf5 exf5 8. e3
Bb4 9. Bxc4 O-O 10. O-O Nbd7 11. Qc2 g6 12. Rd1 Nb6 13. Be2 (13. Bf1 a5 14. b3
Qe7 15. Bb2 Rfe8 16. Rac1 h5 $11 {1-0 Andreev,K-Petelin,A/St.Petersburg-ch op
1992 (35). Dieses Abspiel verspricht dem Weißen meines Erachtens keinen
Eröffnungsvorteil.}) 13... a5 14. Bf3 Re8 15. Bd2 Qd6 16. Qb3 Qe6 17. d5 Nfxd5
18. Nxd5 Nxd5 19. Bxd5 Qxd5 20. Qxd5 cxd5 21. Bxb4 axb4 22. Rxd5 Red8 23. Rb5
Rxa4 24. Rb1 Rd7 1/2-1/2